000 01051nam a2200301 i 4500
001 000015546
003 DO-SdBNP
005 20260525143446.0
007 ta
008 100212s1978 dr a 000 h spa d
040 _aDO-SdBNP
_bspa
_cBNPHU
_erda
041 _aspa
082 4 _aRD867.44
_bP438e 1978
_222
100 1 _aPérez, Mario Emilio,
_d1935-
_eautor
_922183
_4aut.
245 1 0 _aEstampas dominicanas :
_b(quinta entrega) /
_cMario Emilio Pérez ; prólogo León David.
250 _aPrimera edición
264 1 _aSanto Domingo :
_bPublicaciones América,
_c1978.
300 _a158 páginas :
_bilustraciones ;
_c21 cm.
336 _atexto
_btxt
_2rdacontent
337 _asin mediación
_bn
_2rdamedia
338 _avolumen
_bnc
_2rdacarrier
590 _aInventariado, 2025/ YL
650 7 _aHumorismo dominicano
_9275
_2LIBRUNAM
650 7 _aLiteratura folclorica dominicana
_926923
_2LIBRUNAM
700 1 _aLeón David
_d1945-
_eprologuista.
_984930
_4pr.
910 _aYLockward/ Validado. Control de calidad BNPHU
942 _2ddc
_cLBS1
999 _c15102
_d15102